Common principal components and related multivariate models /
Guardado en:
| Autor Principal: | |
|---|---|
| Formato: | Libro |
| Idioma: | English |
| Publicado: |
New York :
Wiley,
c1988.
|
| Series: | Wiley series in probability and mathematical statistics. Applied probability and statistics
|
| Materias: | |
| Etiquetas: |
Agregar Etiqueta
Sin Etiquetas, Sea el primero en etiquetar este registro!
|
| LEADER | 00792pam a2200217 a 4500 | ||
|---|---|---|---|
| 001 | MAT.inmabb004914 | ||
| 008 | 880406s1988####nyua#####b####001#0#eng## | ||
| 005 | 20130225162635.0 | ||
| 245 | 1 | 0 | |a Common principal components and related multivariate models / |c Bernhard Flury. |
| 260 | |a New York : |b Wiley, |c c1988. | ||
| 300 | |a xiii, 258 p. : |b il. ; |c 24 cm. | ||
| 440 | 0 | |a Wiley series in probability and mathematical statistics. |p Applied probability and statistics | |
| 504 | |a Incluye referencias bibliográficas (p. 245-252) e índices. | ||
| 510 | 4 | |a MR, |c 90a:62153 | |
| 020 | |a 0471634271 | ||
| 100 | 1 | |a Flury, Bernhard, |d 1951- | |
| 650 | 0 | |a Principal components analysis. | |
| 084 | |a 62H25 |2 msc2000 | ||
| 010 | |a 88010821 | ||
| 040 | |a DLC |c DLC |d DLC | ||
| 859 | |h 62 |i F647 |p A-6657 |b BIB. MATEMATICA | ||
